000 00302 a2200145 4500
001 57782
020 _a8571230250
040 _cAnchieta - Pituba
100 _aKorda, Michael
240 1 0 _aOlho por olho
_lpor
245 1 0 _aOlho por olho
300 _a453
650 4 _aFicção inglesa
942 _cBK
999 _c57782
_d57782